[Event "Warsaw YMCA Autumn-B 130th"]
[Site "Warsaw"]
[Date "2013.09.19"]
[Round "1"]
[White "Potocki, Karol"]
[Black "Barc, Michal"]
[Result "1/2-1/2"]
[WhiteElo "1876"]
[BlackElo "1841"]
[PlyCount "60"]
[EventDate "2013.09.19"]
[EventType "tourn"]
[EventRounds "13"]
[EventCountry "POL"]
[SourceTitle "EXT 2015"]
[Source "ChessBase"]
[SourceDate "2014.11.20"]
[SourceVersion "1"]
[SourceVersionDate "2014.11.20"]
[SourceQuality "1"]

1. e4 e6 2. d4 d5 3. Nd2 Nf6 4. e5 Nfd7 5. Bd3 c5 6. c3 Nc6 7. Ne2 cxd4 8. cxd4 Qb6 9. Nf3 f6 10. exf6 Nxf6 11. 0-0 Bd6 12. Bf4 Bxf4 13. Nxf4 Bd7 14. Re1 0-0-0 15. Nxe6 Bxe6 16. Rxe6 Rhe8 17. Qe2 Kb8 18. Rc1 Ne4 19. Rxe8 Rxe8 20. Bxe4 Rxe4 21. Qc2 a6 22. h4 Nxd4 23. Nxd4 Qxd4 24. g3 Qe5 25. Qc8+ Ka7 26. Qc5+ Kb8 27. Qf8+ Ka7 28. Qc5+ Kb8 29. Qc8+ Ka7 30. Qc5+ Kb8 1/2-1/2

[Event "Warsaw YMCA Summer 124th"]
[Site "Warsaw"]
[Date "2013.08.01"]
[Round "6"]
[White "Rusin, Ryszard"]
[Black "Potocki, Karol"]
[Result "1-0"]
[WhiteElo "1898"]
[BlackElo "1876"]
[PlyCount "105"]
[EventDate "2013.07.05"]
[EventType "tourn"]
[EventRounds "10"]
[EventCountry "POL"]
[SourceTitle "EXT 2014"]
[Source "ChessBase"]
[SourceDate "2013.11.20"]
[SourceVersion "1"]
[SourceVersionDate "2013.11.20"]
[SourceQuality "1"]

1. d4 d5 2. c4 e6 3. Nc3 Be7 4. Nf3 Nf6 5. Bg5 h6 6. Bf4 c6 7. e3 0-0 8. h3 Nbd7 9. Bd3 dxc4 10. Bxc4 b5 11. Bd3 b4 12. Ne2 Bb7 13. 0-0 c5 14. Ne5 Rc8 15. Rc1 Nxe5 16. dxe5 Nd7 17. Bh2 Nxe5 18. Bxe5 Qd5 19. Nf4 Qxe5 20. Qe2 Rfd8 21. Rfd1 Qg5 22. g3 e5 23. Ng2 Qf6 24. e4 Qe6 25. Kh2 Rd4 26. Ne1 c4 27. Bc2 Rcd8 28. Nf3 Rxd1 29. Rxd1 Rxd1 30. Qxd1 Bc8 31. Qf1 a5 32. Ng1 Ba6 33. Qe1 Bc5 34. Nf3 Bd4 35. Qd2 Qb6 36. Kg2 Bxb2 37. Qd5 Qb5 38. Qa8+ Kh7 39. g4 b3 40. axb3 cxb3 41. Bxb3 Bb7 42. Bc4 Qxc4 43. Qxb7 Bd4 44. g5 a4 45. gxh6 Kxh6 46. Qe7 Qe6 47. Qh4+ Kg6 48. Qh8 Qf6 49. Nh4+ Kg5 50. Nf5 Kf4 51. Ng3 Qg5 52. Qc8 Bxf2 53. Qc1+ 1-0